Grace /

Bibliographic Details
Main Author: Ullmann, Linn, 1966-
Other Authors: Haveland, Barbara
Format: Book
Language:English
Published: New York : A.A. Knopf : 2005.
Edition:1st American ed.
Online Access:Contributor biographical information

MARC

Tag First Indicator Second Indicator Subfields
LEADER 00000pam a22000004a 4500
001 in00002018570
005 20151031184658.0
008 040528s2005 nyu 000 f eng
010 |a  2004048601 
020 |a 1400042852 
035 |a (OCoLC)ocm55596099 
040 |a DLC  |c DLC  |d UtOrBLW 
041 1 |a eng  |h nor 
042 |a pcc 
049 |a TXAM 
050 0 0 |a PT8951.31.L56  |b T513 2005 
082 0 0 |a 839.8/2374  |2 22 
100 1 |a Ullmann, Linn,  |d 1966- 
240 1 0 |a Nåde.  |l English 
245 1 0 |a Grace /  |c Linn Ullmann ; translated from the Norwegian by Barbara Haveland. 
250 |a 1st American ed. 
264 1 |a New York :  |b A.A. Knopf :  |c 2005. 
264 2 |a New York :  |b Distributed by Random House, 
300 |a 130 pages ;  |c 22 cm. 
336 |a text  |b txt  |2 rdacontent 
337 |a unmediated  |b n  |2 rdamedia 
338 |a volume  |b nc  |2 rdacarrier 
500 |a "Originally published in Norway as Nåde by Forlaget Oktober AS, Oslo, in 2002."--Title page verso. 
700 1 |a Haveland, Barbara. 
856 4 2 |3 Contributor biographical information  |u http://www.loc.gov/catdir/bios/random051/2004048601.html  |t 0 
945 |i PromptCat 
948 |a cataloged  |b cmulkey  |c 2005/3/2  |d 11:17:28 am 
994 |a 92  |b TXA 
999 |a MARS 
999 f f |s 020e6f72-75dd-353f-9a43-c735102a0d8d  |i b67e49d5-5c22-3b39-81ea-b86d92bba8f2  |t 0 
952 f f |p normal  |a Texas A&M University  |b College Station  |c Sterling C. Evans Library  |d Evans: Library Stacks  |t 0  |e PT8951.31.L56 T513 2005  |h Library of Congress classification  |i unmediated -- volume  |m A14832293204 
998 f f |a PT8951.31.L56 T513 2005  |t 0  |l Evans: Library Stacks